The Dokdo/Takeshima Controversy (Record no. 792)

MARC details
000 -LEADER
fixed length control field 01550cam a2200385 i 4500
001 - CONTROL NUMBER
control field 16163778
003 - CONTROL NUMBER IDENTIFIER
control field OSt
005 - DATE AND TIME OF LATEST TRANSACTION
control field 20230607095811.0
008 - FIXED-LENGTH DATA ELEMENTS--GENERAL INFORMATION
fixed length control field 100330s2009 ko a b f000 0 eng
010 ## - LIBRARY OF CONGRESS CONTROL NUMBER
LC control number 2010401900
040 ## - CATALOGING SOURCE
Original cataloging agency DLC
Language of cataloging eng
Description conventions rda
Transcribing agency DLC
041 1# - LANGUAGE CODE
Language code of text/sound track or separate title eng
Language code of original jpn
042 ## - AUTHENTICATION CODE
Authentication code pcc
043 ## - GEOGRAPHIC AREA CODE
Geographic area code a-ko---
-- a-ja---
050 00 - LIBRARY OF CONGRESS CALL NUMBER
Classification number DS924.T655
Item number P3913 2009
082 ## - DEWEY DECIMAL CLASSIFICATION NUMBER
Classification number 952.025
Item number KOR
100 1# - MAIN ENTRY--PERSONAL NAME
Personal name Pak, Pyŏng-sŏp.
240 10 - UNIFORM TITLE
Uniform title Takeshima = Tokuto ronsō.
Language of a work English
245 14 - TITLE STATEMENT
Title The Dokdo/Takeshima Controversy
Remainder of title Study Based on Historical Materials
Statement of responsibility, etc. Park Byoung-sup and Naitō Seichū ; translated by the National Assembly Library, Republic of Korea.
264 #1 - PRODUCTION, PUBLICATION, DISTRIBUTION, MANUFACTURE, AND COPYRIGHT NOTICE
Place of production, publication, distribution, manufacture Seoul, Korea :
Name of producer, publisher, distributor, manufacturer National Assembly Library,
Date of production, publication, distribution, manufacture, or copyright notice 2009.
300 ## - PHYSICAL DESCRIPTION
Extent 363 pages :
Other physical details illustrations ;
Dimensions 23 cm
336 ## - CONTENT TYPE
Content type term text
Content type code txt
Source rdacontent
337 ## - MEDIA TYPE
Media type term unmediated
Media type code n
Source rdamedia
338 ## - CARRIER TYPE
Carrier type term volume
Carrier type code nc
Source rdacarrier
500 ## - GENERAL NOTE
General note Originally published in Japanese (Shinkansha, 2007). Includes the original Japanese text of A Memorandum Concerning the Arrival of a Korean Boat to the Seashore in the 9th Year of the Genroku (1696).
650 #0 - SUBJECT ADDED ENTRY--TOPICAL TERM
Topical term or geographic name as entry element Territory, National
Geographic subdivision Korea (South)
650 #0 - SUBJECT ADDED ENTRY--TOPICAL TERM
Topical term or geographic name as entry element Territory, National
Geographic subdivision Japan.
651 #0 - SUBJECT ADDED ENTRY--GEOGRAPHIC NAME
Geographic name Tok Island (Korea)
General subdivision History.
651 #0 - SUBJECT ADDED ENTRY--GEOGRAPHIC NAME
Geographic name Tok Island (Korea)
General subdivision International status.
700 1# - ADDED ENTRY--PERSONAL NAME
Personal name Naitō, Seichū,
Dates associated with a name 1929-
710 2# - ADDED ENTRY--CORPORATE NAME
Corporate name or jurisdiction name as entry element Taehan Min'guk Kukhoe Tosŏgwan.
906 ## - LOCAL DATA ELEMENT F, LDF (RLIN)
a 7
b cbc
c origres
d 3
e ncip
f 20
g y-nonroman
942 ## - ADDED ENTRY ELEMENTS (KOHA)
Source of classification or shelving scheme Dewey Decimal Classification
Koha item type Books
Holdings
Withdrawn status Lost status Source of classification or shelving scheme Damaged status Not for loan Home library Current library Date acquired Total Checkouts Full call number Barcode Date last seen Price effective from Koha item type
    Dewey Decimal Classification     Bunge Tower Library Bunge Tower Library 06/07/2023   952.025 KOR 10014974 06/07/2023 06/07/2023 Books
LIBRARY OPENING HOURS

When the Parliament is sitting: 8.00a.m - 7.00p.m or until the house adjourns
Mondays and Fridays and when the House is on Recess:  8.00a.m - 5.00p.m
Closed on Weekends and Public Holidays

Online Public Access Catalog (OPAC)
Website: http://www.parliament.go.ke
Bunge Library: https://libraryir.parliament.go.ke
Contact: library@parliament.go.ke | Tel no: (254-2)2221291 or 2848000 Ext 5043